Convex analysis and monotone operator theory in hilbert spaces. (Record no. 779592)

MARC details
000 -LEADER
fixed length control field 00780nam a2200265Ia 4500
003 - CONTROL NUMBER IDENTIFIER
control field OSt
005 - DATE AND TIME OF LATEST TRANSACTION
control field 20220928124721.0
008 - FIXED-LENGTH DATA ELEMENTS--GENERAL INFORMATION
fixed length control field 220927b |||||||| |||| 00| 0 eng d
037 ## - SOURCE OF ACQUISITION
Terms of availability Textual
040 ## - CATALOGING SOURCE
Original cataloging agency SDCL
Transcribing agency SDCL
Language of cataloging eng
041 ## - LANGUAGE CODE
Source of code eng
Language code of text/sound track or separate title eng
100 ## - MAIN ENTRY--PERSONAL NAME
Personal name Bauschke Heinz H
9 (RLIN) 460782
245 #0 - TITLE STATEMENT
Title Convex analysis and monotone operator theory in hilbert spaces.
260 ## - PUBLICATION, DISTRIBUTION, ETC.
Place of publication, distribution, etc. New York
Name of publisher, distributor, etc. Springer
Date of publication, distribution, etc. 2011
300 ## - PHYSICAL DESCRIPTION
Extent xvi,468p
Dimensions cm.
650 ## - SUBJECT ADDED ENTRY--TOPICAL TERM
Topical term or geographic name entry element Gift
9 (RLIN) 391569
700 ## - ADDED ENTRY--PERSONAL NAME
Personal name Combetter P L
9 (RLIN) 466775
942 ## - ADDED ENTRY ELEMENTS (KOHA)
Classification part B313N, Q1
Koha item type Textual
Source of classification or shelving scheme Colon Classification (CC)
Holdings
Withdrawn status Lost status Damaged status Not for loan Home library Current library Date acquired Source of acquisition Total Checkouts Total Renewals Full call number Barcode Date due Date last seen Date last checked out Price effective from Koha item type
        South Campus Library Central Library 2022-09-28 4787, 15/02/2012, Gift 1 1 B313N Q1 SC0502940 2012-05-23 2025-01-08 2025-01-08 2022-09-28 Textual
Copyright @ Delhi University Library System